La vaca lechera: su cuidado y explotación
Uloženo v:
| Hlavní autor: | |
|---|---|
| Médium: | Kniha |
| Jazyk: | španělština |
| Vydáno: |
Ciudad de México
Limusa Wiley
1963
|
| Témata: | |
| Tagy: |
Přidat tag
Žádné tagy, Buďte první, kdo vytvoří štítek k tomuto záznamu!
|
MARC
| LEADER | 00000nam a2200000 a 4500 | ||
|---|---|---|---|
| 001 | UCR0062 | ||
| 003 | CL-VaPUC | ||
| 008 | 971129e19630000MX |||||||||||||||||spa|d | ||
| 082 | 0 | 4 | |a 636.2 |b DAV |2 21 |
| 100 | 0 | |a Davis, Richard F |e author |9 395416 | |
| 245 | 1 | 3 | |a La vaca lechera: su cuidado y explotación |
| 300 | |a 344 p | ||
| 942 | |c BK | ||
| 945 | |d 19971129 00:00:00 |a rleighto | ||
| 260 | |a Ciudad de México |b Limusa Wiley |c 1963 | ||
| 650 | 7 | |a BOVINOS |2 CL-VaPUC |9 395417 | |
| 650 | 0 | |a Agricultura |9 255598 | |
| 650 | 0 | |a Productos lácteos |9 259521 | |
| 650 | 0 | |a Alimentación animal |9 393779 | |
| 650 | 0 | |a Inseminación artificial |9 338967 | |
| 650 | 7 | |a SELECCION |2 CL-VaPUC |9 395419 | |
| 650 | 7 | |a CRUZAMIENTO |2 CL-VaPUC |9 393905 | |
| 650 | 7 | |a RAZA |2 CL-VaPUC |9 336408 | |
| 650 | 7 | |a PRODUCCION COMERCIAL |2 CL-VaPUC |9 393990 | |
| 650 | 7 | |a ENFERMEDADES DEL GANADO |2 CL-VaPUC |9 395420 | |
| 583 | |a last modification |c 19971129 00:00:00 |k Rodrigo Vera | ||
| 999 | |c 263718 |d 263716 | ||